Laboratory procedures in clinical veterinary bacteriology /

Bibliographic Details
Main Author: Osbaldiston, G. W.
Format: Book
Language:English
Published: Baltimore : University Park Press, [1973]
Subjects:

MARC

Tag First Indicator Second Indicator Subfields
LEADER 00000cam a2200000 4500
001 in00004519082
005 20221007141926.5
008 721212s1973 mdu 001 0 eng
010 |a  72013530  
016 7 |a 0356016  |2 DNLM 
019 |a 687512  |a 733428501 
020 |a 0839106106 
020 |a 9780839106104 
035 |a (OCoLC)ocm00532330 
035 |a (OCoLC)00532330  |z (OCoLC)687512  |z (OCoLC)733428501 
035 |z (UtOrBLW)58711 
035 |a 84641 
040 |a DLC  |b eng  |c DLC  |d MCL  |d NLM  |d MUQ  |d UBA  |d EYM  |d INANG  |d OCLCO  |d TMV  |d UtOrBLW 
049 |a TMVM  |c 1 
050 0 |a QR49  |b .O78 
060 0 0 |a QW 25  |b O81L 1973 
082 0 0 |a 636.089/601/4  |2 18 
082 0 4 |a 636.089/69/2 
100 1 |a Osbaldiston, G. W. 
245 1 0 |a Laboratory procedures in clinical veterinary bacteriology /  |c G. W. Osbaldiston. 
264 1 |a Baltimore :  |b University Park Press,  |c [1973] 
300 |a ix, 126 pages ;  |c 23 cm. 
336 |a text  |2 rdacontent  |b txt 
337 |a unmediated  |2 rdamedia 
338 |a volume  |2 rdacarrier  |b nc 
500 |a Includes index. 
650 0 |a Veterinary bacteriology  |x Technique. 
650 2 |a Bacterial Infections  |x diagnosis. 
650 2 |a Bacterial Infections  |x veterinary. 
650 2 |a Bacteriological Techniques. 
776 0 8 |i Online version:  |a Osbaldiston, G. W.  |t Laboratory procedures in clinical veterinary bacteriology.  |d Baltimore, University Park Press [1973]  |w (OCoLC)598771467 
776 0 8 |i Online version:  |a Osbaldiston, G. W.  |t Laboratory procedures in clinical veterinary bacteriology.  |d Baltimore, University Park Press [1973]  |w (OCoLC)627899493 
999 |a MARS 
999 f f |s 7cf0737f-d887-31a1-8c48-1ff9bd2951ee  |i b0455701-2236-387d-a851-ad3a5977a86d  |t 0 
952 f f |p preservation  |a Texas A&M University  |b J.J. Pickle Campus  |c High Density Repository  |d Remote Storage  |t 0  |e QW 25 O81L 1973  |h National Library of Medicine classification  |i unmediated -- volume  |m 323890258364A 
952 f f |p ric  |a Texas A&M University  |b Rellis Campus  |c Joint Library Facility  |d Remote Storage  |t 0  |e QW 25 O81L 1973  |h National Library of Medicine classification  |i unmediated -- volume  |m 3238902383211 
998 f f |a QW 25 O81L 1973  |t 0  |l Remote Storage 
998 f f |a QW 25 O81L 1973  |t 0  |l Remote Storage